Materiálová databáze

Implementácia materiálového zásobovania vyžaduje uskutočniť štyri kroky: vytvorenie bázy dát súčiastok, vytvorenie skladu pre nakupované súčiastky, vytvorenie dopravných trás pre vnútropodnikovú dopravu materiálu, integrácia systému materiálového zásobovania s podnikovým informačným systémom. Vytvor...

Ausführliche Beschreibung

Gespeichert in:
Bibliographische Detailangaben
1. Verfasser: Čestnější, Alexandr
Format: Buchkapitel
Sprache:Tschechisch
Schlagworte:
Tags: Tag hinzufügen
Keine Tags, Fügen Sie das erste Tag hinzu!

MARC

LEADER 00000naa$a2200000$$$4500
001 0010812
005 20231113114554.9
041 0 |a cze 
044 |a CZ 
245 1 0 |a Materiálová databáze  |c aut. Alexandr Čestnější 
520 |a Implementácia materiálového zásobovania vyžaduje uskutočniť štyri kroky: vytvorenie bázy dát súčiastok, vytvorenie skladu pre nakupované súčiastky, vytvorenie dopravných trás pre vnútropodnikovú dopravu materiálu, integrácia systému materiálového zásobovania s podnikovým informačným systémom. Vytvorenie materiálovej bázy dát: informácie o každej súčiastke, ich usporiadanie podľa určitých úžitkových kategórií, zachovanie jej integrity. 
610 2 0 |a materiál 
610 2 0 |a báza dát 
610 2 0 |a zásobovanie 
610 2 0 |a tok materiálu 
610 2 0 |a systémy informačné podnikové 
100 1 |a Čestnější, Alexandr